[Event "New Zealand Championship 2023"]
[Site "Wellington"]
[Date "2023.01.05"]
[Round "4.8"]
[White "Winter, Ryan"]
[Black "Zhang, Jasmine Haomo"]
[Result "1/2-1/2"]
[WhiteElo "2209"]
[BlackElo "2117"]

1. e4 {[%clk 01:30:59]} 1... c5 {[%clk 01:30:54] [%emt 00:00:06]} 2. Nf3 {[%clk
01:31:18] [%emt 00:00:11]} 2... d6 {[%clk 01:31:19] [%emt 00:00:05]} 3. d4
{[%clk 01:31:34] [%emt 00:00:14]} 3... cxd4 {[%clk 01:31:44] [%emt 00:00:05]}
4. Nxd4 {[%clk 01:32:01] [%emt 00:00:03]} 4... Nf6 {[%clk 01:32:09] [%emt
00:00:05]} 5. Nc3 {[%clk 01:32:27] [%emt 00:00:04]} 5... a6 {[%clk 01:32:37]
[%emt 00:00:03]} 6. Be2 {[%clk 01:32:17] [%emt 00:00:39]} 6... e6 {[%clk
01:32:29] [%emt 00:00:38]} 7. Be3 {[%clk 01:31:38] [%emt 00:01:08]} 7... b5
{[%clk 01:32:07] [%emt 00:00:53]} 8. Bf3 {[%clk 01:24:45] [%emt 00:07:24]} 8...
e5 {[%clk 01:30:39] [%emt 00:01:58]} 9. Nf5 {[%clk 01:23:49] [%emt 00:01:25]}
9... g6 {[%clk 01:26:43] [%emt 00:04:27]} 10. Ng3 {[%clk 01:06:10] [%emt
00:18:08]} 10... Be6 {[%clk 01:18:28] [%emt 00:08:45]} 11. O-O {[%clk 00:55:52]
[%emt 00:10:48]} 11... Nbd7 {[%clk 01:15:02] [%emt 00:03:56]} 12. Re1 {[%clk
00:50:23] [%emt 00:05:59]} 12... Qc7 {[%clk 01:09:53] [%emt 00:05:38]} 13. Nf1
{[%clk 00:39:19] [%emt 00:11:34]} 13... b4 {[%clk 01:05:25] [%emt 00:04:59]}
14. Na4 {[%clk 00:34:01] [%emt 00:05:48]} 14... Rc8 {[%clk 00:47:18] [%emt
00:18:37]} 15. c3 {[%clk 00:32:48] [%emt 00:01:44]} 15... bxc3 {[%clk 00:45:46]
[%emt 00:02:02]} 16. Nxc3 {[%clk 00:32:39] [%emt 00:00:39]} 16... Qb7 {[%clk
00:46:11] [%emt 00:00:04]} 17. Qd2 {[%clk 00:29:39] [%emt 00:03:30]} 17... Rc6
{[%clk 00:38:14] [%emt 00:08:28]} 18. Rac1 {[%clk 00:21:13] [%emt 00:08:57]}
18... Bg7 {[%clk 00:36:02] [%emt 00:02:42]} 19. b3 {[%clk 00:19:23] [%emt
00:02:20]} 19... O-O {[%clk 00:35:59] [%emt 00:00:33]} 20. h3 {[%clk 00:18:23]
[%emt 00:01:29]} 20... Rfc8 {[%clk 00:33:21] [%emt 00:03:08]} 21. Ng3 {[%clk
00:16:45] [%emt 00:02:07]} 21... Bf8 {[%clk 00:31:25] [%emt 00:02:26]} 22. Be2
{[%clk 00:15:14] [%emt 00:02:02]} 22... d5 {[%clk 00:19:39] [%emt 00:12:17]}
23. exd5 {[%clk 00:14:37] [%emt 00:01:06]} 23... Nxd5 {[%clk 00:19:11] [%emt
00:00:58]} 24. Nxd5 {[%clk 00:14:49] [%emt 00:00:18]} 24... Rxc1 {[%clk
00:19:28] [%emt 00:00:14]} 25. Rxc1 {[%clk 00:15:02] [%emt 00:00:16]} 25...
Rxc1+ {[%clk 00:19:27] [%emt 00:00:31]} 26. Qxc1 {[%clk 00:15:27] [%emt
00:00:05]} 26... Bxd5 {[%clk 00:19:52] [%emt 00:00:05]} 27. f3 {[%clk 00:14:49]
[%emt 00:01:09]} 27... f5 {[%clk 00:17:38] [%emt 00:02:45]} 28. Bf2 {[%clk
00:14:26] [%emt 00:00:52]} 28... Kg7 {[%clk 00:13:50] [%emt 00:04:18]} 29. Nf1
{[%clk 00:12:36] [%emt 00:02:21]} 29... Nf6 {[%clk 00:13:36] [%emt 00:00:44]}
30. Qc3 {[%clk 00:12:12] [%emt 00:00:54]} 30... e4 {[%clk 00:13:10] [%emt
00:00:56]} 31. Bd4 {[%clk 00:12:00] [%emt 00:00:42]} 31... Be7 {[%clk 00:13:18]
[%emt 00:00:23]} 32. f4 {[%clk 00:11:45] [%emt 00:00:45]} 32... Kf7 {[%clk
00:12:56] [%emt 00:00:52]} 33. Ne3 {[%clk 00:11:54] [%emt 00:00:20]} 33... Bb4
{[%clk 00:12:24] [%emt 00:01:02]} 34. Qb2 {[%clk 00:11:51] [%emt 00:00:33]}
34... Be7 {[%clk 00:11:48] [%emt 00:01:06]} 35. Qc3 {[%clk 00:08:12] [%emt
00:04:09]} 35... Be6 {[%clk 00:10:36] [%emt 00:01:42]} 36. Qa5 {[%clk 00:06:28]
[%emt 00:02:14]} 36... Qd7 {[%clk 00:08:18] [%emt 00:02:47]} 37. Qc3 {[%clk
00:05:43] [%emt 00:01:16]} 37... Qb7 {[%clk 00:06:05] [%emt 00:02:42]} 38. Qa5
{[%clk 00:02:39] [%emt 00:03:34]} 38... Qd7 {[%clk 00:05:25] [%emt 00:01:11]}
39. Qc3 {[%clk 00:01:59] [%emt 00:01:10]} 1/2-1/2

[Event "New Zealand Championship 2023"]
[Site "Wellington"]
[Date "2023.01.05"]
[Round "4.9"]
[White "Thomas, Ben"]
[Black "Zhu, David Junyang"]
[Result "0-1"]
[WhiteElo "2200"]
[BlackElo "1740"]

1. d4 {[%clk 01:30:56] [%emt 00:00:04]} 1... Nf6 {[%clk 01:30:43] [%emt
00:00:17]} 2. Nf3 {[%clk 01:31:21] [%emt 00:00:05]} 2... g6 {[%clk 01:31:04]
[%emt 00:00:09]} 3. e3 {[%clk 01:31:46] [%emt 00:00:05]} 3... Bg7 {[%clk
01:31:29] [%emt 00:00:04]} 4. Bd3 {[%clk 01:31:52] [%emt 00:00:24]} 4... O-O
{[%clk 01:31:36] [%emt 00:00:23]} 5. O-O {[%clk 01:32:11] [%emt 00:00:11]} 5...
d6 {[%clk 01:31:45] [%emt 00:00:21]} 6. c4 {[%clk 01:32:23] [%emt 00:00:18]}
6... Nbd7 {[%clk 01:31:40] [%emt 00:00:34]} 7. Nc3 {[%clk 01:31:36] [%emt
00:01:17]} 7... e5 {[%clk 01:31:53] [%emt 00:00:16]} 8. d5 {[%clk 01:24:51]
[%emt 00:07:16]} 8... Nc5 {[%clk 01:30:56] [%emt 00:01:27]} 9. b4 {[%clk
01:15:53] [%emt 00:09:29]} 9... Nxd3 {[%clk 01:30:53] [%emt 00:00:32]} 10. Qxd3
{[%clk 01:16:21] [%emt 00:00:02]} 10... e4 {[%clk 01:30:11] [%emt 00:01:13]}
11. Nxe4 {[%clk 01:16:38] [%emt 00:00:11]} 11... Nxe4 {[%clk 01:30:27] [%emt
00:00:16]} 0-1

[Event "New Zealand Championship 2023"]
[Site "Wellington"]
[Date "2023.01.05"]
[Round "4.10"]
[White "Langford, Joshua"]
[Black "Ning, Isabelle Yixuan"]
[Result "1-0"]
[WhiteElo "2163"]
[BlackElo "2109"]

1. e4 {[%clk 01:30:52] [%emt 00:00:07]} 1... c5 {[%clk 01:30:56] [%emt
00:00:05]} 2. Nf3 {[%clk 01:31:19] [%emt 00:00:03]} 2... d6 {[%clk 01:31:21]
[%emt 00:00:04]} 3. d4 {[%clk 01:31:46] [%emt 00:00:04]} 3... cxd4 {[%clk
01:31:46] [%emt 00:00:05]} 4. Nxd4 {[%clk 01:32:04] [%emt 00:00:12]} 4... Nf6
{[%clk 01:32:11] [%emt 00:00:05]} 5. Nc3 {[%clk 01:32:31] [%emt 00:00:04]} 5...
a6 {[%clk 01:32:36] [%emt 00:00:05]} 6. f3 {[%clk 01:31:49] [%emt 00:01:12]}
6... e5 {[%clk 01:32:48] [%emt 00:00:18]} 7. Nb3 {[%clk 01:32:09] [%emt
00:00:09]} 7... Be6 {[%clk 01:32:59] [%emt 00:00:20]} 8. Be3 {[%clk 01:32:05]
[%emt 00:00:34]} 8... h5 {[%clk 01:32:57] [%emt 00:00:32]} 9. Qd2 {[%clk
01:31:18] [%emt 00:01:18]} 9... Be7 {[%clk 01:31:40] [%emt 00:01:47]} 10. Be2
{[%clk 01:30:45] [%emt 00:01:03]} 10... b5 {[%clk 01:28:32] [%emt 00:03:37]}
11. Nd5 {[%clk 01:24:32] [%emt 00:06:43]} 11... Bxd5 {[%clk 01:26:51] [%emt
00:02:11]} 12. exd5 {[%clk 01:24:53] [%emt 00:00:10]} 12... Qc7 {[%clk
01:23:13] [%emt 00:04:08]} 13. Rc1 {[%clk 01:19:26] [%emt 00:05:57]} 13... O-O
{[%clk 01:05:59] [%emt 00:17:44]} 14. c4 {[%clk 01:09:33] [%emt 00:10:22]}
14... bxc4 {[%clk 01:04:23] [%emt 00:02:06]} 15. Bxc4 {[%clk 01:09:37] [%emt
00:00:25]} 15... Qd7 {[%clk 01:01:34] [%emt 00:03:19]} 16. O-O {[%clk 01:05:57]
[%emt 00:04:10]} 16... Bd8 {[%clk 00:55:41] [%emt 00:06:24]} 17. Rc2 {[%clk
00:57:37] [%emt 00:08:50]} 17... a5 {[%clk 00:53:21] [%emt 00:02:50]} 18. Qd3
{[%clk 00:54:51] [%emt 00:03:15]} 18... a4 {[%clk 00:51:36] [%emt 00:02:15]}
19. Nd2 {[%clk 00:54:07] [%emt 00:01:14]} 19... Qb7 {[%clk 00:49:10] [%emt
00:02:56]} 20. Ne4 {[%clk 00:41:44] [%emt 00:12:53]} 20... Nxe4 {[%clk
00:46:11] [%emt 00:03:29]} 21. fxe4 {[%clk 00:42:10] [%emt 00:00:05]} 21... Bb6
{[%clk 00:45:36] [%emt 00:01:05]} 22. Kh1 {[%clk 00:38:58] [%emt 00:03:41]}
22... Bxe3 {[%clk 00:42:17] [%emt 00:03:48]} 23. Qxe3 {[%clk 00:39:26] [%emt
00:00:02]} 23... Qe7 {[%clk 00:36:41] [%emt 00:06:07]} 24. Bb5 {[%clk 00:35:47]
[%emt 00:04:10]} 24... Nd7 {[%clk 00:33:16] [%emt 00:03:53]} 25. Rc7 {[%clk
00:32:55] [%emt 00:03:23]} 25... Rfd8 {[%clk 00:33:25] [%emt 00:00:21]} 26. Qh3
{[%clk 00:32:16] [%emt 00:01:08]} 26... f5 {[%clk 00:31:57] [%emt 00:01:59]}
27. Qxf5 {[%clk 00:26:57] [%emt 00:05:49]} 27... Rf8 {[%clk 00:30:31] [%emt
00:01:56]} 28. Qxd7 {[%clk 00:25:56] [%emt 00:01:31]} 28... Rxf1+ {[%clk
00:29:38] [%emt 00:01:23]} 29. Bxf1 {[%clk 00:26:21] [%emt 00:00:05]} 29... Rf8
{[%clk 00:29:51] [%emt 00:00:17]} 30. Kg1 {[%clk 00:24:38] [%emt 00:02:13]}
30... Qg5 {[%clk 00:28:40] [%emt 00:01:41]} 31. Rc8 {[%clk 00:13:17] [%emt
00:11:51]} 31... Qe3+ {[%clk 00:26:11] [%emt 00:02:58]} 32. Kh1 {[%clk
00:13:43] [%emt 00:00:04]} 32... Qf2 {[%clk 00:25:49] [%emt 00:00:52]} 33.
Rxf8+ {[%clk 00:13:56] [%emt 00:00:17]} 33... Kxf8 {[%clk 00:26:11] [%emt
00:00:08]} 34. Qf5+ {[%clk 00:14:17] [%emt 00:00:08]} 34... Qxf5 {[%clk
00:26:28] [%emt 00:00:16]} 35. exf5 {[%clk 00:14:43] [%emt 00:00:02]} 35... e4
{[%clk 00:26:41] [%emt 00:00:17]} 36. Kg1 {[%clk 00:12:48] [%emt 00:02:24]}
36... Ke7 {[%clk 00:26:56] [%emt 00:00:15]} 37. Kf2 {[%clk 00:12:37] [%emt
00:00:41]} 37... Kf6 {[%clk 00:26:39] [%emt 00:00:48]} 38. Ke3 {[%clk 00:12:12]
[%emt 00:00:54]} 38... Kxf5 {[%clk 00:26:23] [%emt 00:00:46]} 39. b4 {[%clk
00:12:09] [%emt 00:00:33]} 39... axb3 {[%clk 00:26:27] [%emt 00:00:26]} 40.
axb3 {[%clk 00:42:36] [%emt 00:00:04]} 40... Ke5 {[%clk 00:56:47] [%emt
00:00:10]} 41. Bc4 {[%clk 00:42:59] [%emt 00:00:48]} 1-0

[Event "New Zealand Championship 2023"]
[Site "Wellington"]
[Date "2023.01.05"]
[Round "4.11"]
[White "Mao, Daqi"]
[Black "Cummings, Nick"]
[Result "1/2-1/2"]
[WhiteElo "2085"]
[BlackElo "2153"]

1. d4 {[%clk 01:30:56] [%emt 00:00:04]} 1... d5 {[%clk 01:30:57] [%emt
00:00:04]} 2. c4 {[%clk 01:31:10] [%emt 00:00:16]} 2... dxc4 {[%clk 01:31:19]
[%emt 00:00:08]} 3. e3 {[%clk 01:31:28] [%emt 00:00:12]} 3... e5 {[%clk
01:31:21] [%emt 00:00:28]} 4. Bxc4 {[%clk 01:31:33] [%emt 00:00:25]} 4... exd4
{[%clk 01:31:40] [%emt 00:00:11]} 5. Qxd4 {[%clk 01:29:40] [%emt 00:02:23]}
5... Qxd4 {[%clk 01:30:23] [%emt 00:01:47]} 6. exd4 {[%clk 01:29:57] [%emt
00:00:12]} 6... Bd6 {[%clk 01:26:09] [%emt 00:04:43]} 7. Nc3 {[%clk 01:29:08]
[%emt 00:01:19]} 7... a6 {[%clk 01:21:48] [%emt 00:04:52]} 8. a4 {[%clk
01:27:26] [%emt 00:02:11]} 8... Nc6 {[%clk 01:21:16] [%emt 00:01:03]} 9. Nge2
{[%clk 01:24:27] [%emt 00:03:28]} 9... Bf5 {[%clk 01:19:51] [%emt 00:01:56]}
10. Be3 {[%clk 01:21:35] [%emt 00:03:22]} 10... Nf6 {[%clk 01:18:31] [%emt
00:01:50]} 11. h3 {[%clk 01:20:31] [%emt 00:01:35]} 11... h6 {[%clk 01:13:51]
[%emt 00:05:09]} 12. O-O {[%clk 01:18:17] [%emt 00:02:43]} 12... O-O {[%clk
01:10:53] [%emt 00:03:30]} 13. Rfd1 {[%clk 01:15:51] [%emt 00:02:55]} 13...
Rad8 {[%clk 01:10:51] [%emt 00:00:32]} 14. Rac1 {[%clk 01:13:12] [%emt
00:03:09]} 14... Rfe8 {[%clk 01:10:36] [%emt 00:00:45]} 15. Nd5 {[%clk
01:11:25] [%emt 00:02:17]} 15... Nxd5 {[%clk 01:05:15] [%emt 00:05:51]} 1/2-1/2

[Event "New Zealand Championship 2023"]
[Site "Wellington"]
[Date "2023.01.05"]
[Round "4.12"]
[White "Timergazi, Layla"]
[Black "Xing, Zerui"]
[Result "1-0"]
[WhiteElo "2136"]
[BlackElo "1596"]

1. d4 {[%clk 01:30:58] [%emt 00:00:01]} 1... Nf6 {[%clk 01:29:23] [%emt
00:01:38]} 2. c4 {[%clk 01:31:20] [%emt 00:00:07]} 2... e6 {[%clk 01:29:36]
[%emt 00:00:18]} 3. Nc3 {[%clk 01:31:45] [%emt 00:00:04]} 3... d5 {[%clk
01:30:03] [%emt 00:00:03]} 4. Nf3 {[%clk 01:32:03] [%emt 00:00:11]} 4... c6
{[%clk 01:29:27] [%emt 00:01:06]} 5. e3 {[%clk 01:32:09] [%emt 00:00:24]} 5...
Nbd7 {[%clk 01:29:41] [%emt 00:00:17]} 6. Bd3 {[%clk 01:32:08] [%emt 00:00:31]}
6... dxc4 {[%clk 01:27:30] [%emt 00:02:41]} 7. Bxc4 {[%clk 01:32:32] [%emt
00:00:05]} 7... b5 {[%clk 01:27:51] [%emt 00:00:09]} 8. Bd3 {[%clk 01:29:38]
[%emt 00:03:24]} 8... Bb7 {[%clk 01:27:09] [%emt 00:01:12]} 9. e4 {[%clk
01:28:24] [%emt 00:01:44]} 9... Nb6 {[%clk 01:26:05] [%emt 00:01:35]} 10. Bg5
{[%clk 01:25:42] [%emt 00:03:12]} 10... Be7 {[%clk 01:23:36] [%emt 00:02:58]}
11. O-O {[%clk 01:22:56] [%emt 00:03:16]} 11... O-O {[%clk 01:21:56] [%emt
00:02:11]} 12. e5 {[%clk 01:19:26] [%emt 00:04:00]} 12... Nfd5 {[%clk 01:22:05]
[%emt 00:00:20]} 13. Bxe7 {[%clk 01:15:44] [%emt 00:04:12]} 13... Qxe7 {[%clk
01:21:58] [%emt 00:00:38]} 14. Ne4 {[%clk 01:15:58] [%emt 00:00:16]} 14... f5
{[%clk 01:15:11] [%emt 00:07:17]} 15. exf6 {[%clk 01:13:59] [%emt 00:02:29]}
15... Nxf6 {[%clk 01:15:12] [%emt 00:00:29]} 16. Nc5 {[%clk 01:13:10] [%emt
00:01:18]} 16... Rad8 {[%clk 01:12:20] [%emt 00:03:23]} 17. Re1 {[%clk
01:12:35] [%emt 00:01:05]} 17... Bc8 {[%clk 01:11:52] [%emt 00:00:58]} 18. Bf5
{[%clk 01:10:02] [%emt 00:03:03]} 18... Rd6 {[%clk 01:08:02] [%emt 00:04:20]}
19. Ng5 {[%clk 01:08:33] [%emt 00:01:58]} 19... e5 {[%clk 01:00:32] [%emt
00:08:01]} 20. Qb3+ {[%clk 01:02:48] [%emt 00:06:15]} 20... Nfd5 {[%clk
01:00:20] [%emt 00:00:43]} 21. Rxe5 {[%clk 00:59:44] [%emt 00:03:34]} 21... Qd8
{[%clk 00:58:07] [%emt 00:02:43]} 22. Nce6 {[%clk 00:57:23] [%emt 00:02:51]}
22... Bxe6 {[%clk 00:58:21] [%emt 00:00:15]} 23. Bxe6+ {[%clk 00:49:16] [%emt
00:08:37]} 23... Kh8 {[%clk 00:58:31] [%emt 00:00:21]} 24. Nf7+ {[%clk
00:49:18] [%emt 00:00:28]} 24... Rxf7 {[%clk 00:58:45] [%emt 00:00:15]} 25.
Bxf7 {[%clk 00:49:43] [%emt 00:00:06]} 25... Ne7 {[%clk 00:58:26] [%emt
00:00:50]} 26. Rae1 {[%clk 00:49:33] [%emt 00:00:39]} 26... Nbc8 {[%clk
00:58:30] [%emt 00:00:26]} 27. Be6 {[%clk 00:49:33] [%emt 00:00:29]} 27... Ng6
{[%clk 00:58:06] [%emt 00:00:55]} 28. Bxc8 {[%clk 00:49:46] [%emt 00:00:17]}
28... Nxe5 {[%clk 00:58:23] [%emt 00:00:13]} 29. dxe5 {[%clk 00:50:14] [%emt
00:00:02]} 29... Rd3 {[%clk 00:58:33] [%emt 00:00:20]} 30. Qc2 {[%clk 00:49:19]
[%emt 00:01:25]} 30... Rd2 {[%clk 00:58:14] [%emt 00:00:49]} 31. Qc1 {[%clk
00:49:25] [%emt 00:00:24]} 31... Rd5 {[%clk 00:57:46] [%emt 00:00:59]} 32. e6
{[%clk 00:47:34] [%emt 00:02:21]} 32... Qxc8 {[%clk 00:58:04] [%emt 00:00:11]}
33. e7 {[%clk 00:48:01] [%emt 00:00:03]} 33... Qe8 {[%clk 00:58:18] [%emt
00:00:16]} 34. Qxc6 {[%clk 00:48:23] [%emt 00:00:08]} 34... Qxe7 {[%clk
00:58:31] [%emt 00:00:16]} 35. Qe8+ {[%clk 00:48:51] [%emt 00:00:03]} 35...
Qxe8 {[%clk 00:58:47] [%emt 00:00:14]} 36. Rxe8# {[%clk 00:49:16] [%emt
00:00:04]} 1-0

[Event "New Zealand Championship 2023"]
[Site "Wellington"]
[Date "2023.01.05"]
[Round "4.13"]
[White "Young, Cohen"]
[Black "Tang, Hao"]
[Result "0-1"]
[WhiteElo "1994"]
[BlackElo "2133"]

1. e4 {[%clk 01:30:59]} 1... c5 {[%clk 01:30:56] [%emt 00:00:05]} 2. Nf3 {[%clk
01:31:26] [%emt 00:00:03]} 2... d6 {[%clk 01:31:22] [%emt 00:00:04]} 3. d4
{[%clk 01:31:53] [%emt 00:00:03]} 3... cxd4 {[%clk 01:31:47] [%emt 00:00:05]}
4. Nxd4 {[%clk 01:32:15] [%emt 00:00:08]} 4... Nf6 {[%clk 01:32:12] [%emt
00:00:04]} 5. Nc3 {[%clk 01:32:35] [%emt 00:00:10]} 5... g6 {[%clk 01:32:38]
[%emt 00:00:05]} 6. Be3 {[%clk 01:32:52] [%emt 00:00:13]} 6... Bg7 {[%clk
01:33:00] [%emt 00:00:08]} 7. f3 {[%clk 01:33:19] [%emt 00:00:04]} 7... a6
{[%clk 01:33:18] [%emt 00:00:12]} 8. Qd2 {[%clk 01:33:31] [%emt 00:00:18]} 8...
h5 {[%clk 01:33:39] [%emt 00:00:09]} 9. Bc4 {[%clk 01:33:38] [%emt 00:00:23]}
9... Nbd7 {[%clk 01:33:41] [%emt 00:00:27]} 10. O-O-O {[%clk 01:33:38] [%emt
00:00:30]} 10... b5 {[%clk 01:34:04] [%emt 00:00:06]} 11. Bb3 {[%clk 01:34:03]
[%emt 00:00:05]} 11... Bb7 {[%clk 01:34:27] [%emt 00:00:07]} 12. Kb1 {[%clk
01:33:42] [%emt 00:00:51]} 12... Rc8 {[%clk 01:34:52] [%emt 00:00:05]} 13. h3
{[%clk 01:34:04] [%emt 00:00:08]} 13... Qc7 {[%clk 01:35:10] [%emt 00:00:11]}
14. g4 {[%clk 01:33:48] [%emt 00:00:47]} 14... Ne5 {[%clk 01:35:31] [%emt
00:00:09]} 15. g5 {[%clk 01:27:48] [%emt 00:06:31]} 15... Nfd7 {[%clk 01:35:52]
[%emt 00:00:07]} 16. f4 {[%clk 01:23:38] [%emt 00:04:40]} 16... Nc4 {[%clk
01:35:37] [%emt 00:00:46]} 17. Bxc4 {[%clk 01:24:05] [%emt 00:00:03]} 17...
Qxc4 {[%clk 01:35:59] [%emt 00:00:08]} 18. Rhf1 {[%clk 01:17:27] [%emt
00:07:08]} 18... Nc5 {[%clk 01:28:48] [%emt 00:07:40]} 19. e5 {[%clk 01:11:22]
[%emt 00:06:35]} 19... dxe5 {[%clk 01:25:06] [%emt 00:04:13]} 20. Nb3 {[%clk
01:11:39] [%emt 00:00:13]} 20... O-O {[%clk 01:15:37] [%emt 00:09:58]} 21. Bxc5
{[%clk 01:09:27] [%emt 00:02:43]} 21... b4 {[%clk 01:14:18] [%emt 00:01:49]}
22. Na4 {[%clk 01:09:17] [%emt 00:00:40]} 22... Rcd8 {[%clk 01:14:04] [%emt
00:00:44]} 23. Qf2 {[%clk 01:07:32] [%emt 00:02:15]} 23... Rxd1+ {[%clk
01:12:33] [%emt 00:02:02]} 24. Rxd1 {[%clk 01:07:54] [%emt 00:00:07]} 24...
exf4 {[%clk 01:11:45] [%emt 00:01:19]} 25. Nb6 {[%clk 01:06:42] [%emt
00:01:42]} 25... Qe4 {[%clk 01:03:04] [%emt 00:09:10]} 26. Re1 {[%clk 01:07:02]
[%emt 00:00:10]} 26... Qc6 {[%clk 01:02:17] [%emt 00:01:17]} 27. Na5 {[%clk
01:05:56] [%emt 00:01:37]} 27... Qf3 {[%clk 01:00:30] [%emt 00:02:17]} 28. Qxf3
{[%clk 00:56:33] [%emt 00:09:52]} 28... Bxf3 {[%clk 00:59:16] [%emt 00:01:44]}
29. Bxe7 {[%clk 00:56:30] [%emt 00:00:34]} 29... Re8 {[%clk 00:59:36] [%emt
00:00:10]} 30. Bxb4 {[%clk 00:56:50] [%emt 00:00:11]} 30... Rxe1+ {[%clk
00:54:23] [%emt 00:05:43]} 31. Bxe1 {[%clk 00:57:18] [%emt 00:00:01]} 31... Bd4
{[%clk 00:53:10] [%emt 00:01:42]} 32. Nc8 {[%clk 00:54:20] [%emt 00:03:28]}
32... f6 {[%clk 00:44:15] [%emt 00:09:26]} 33. h4 {[%clk 00:49:14] [%emt
00:05:36]} 33... fxg5 {[%clk 00:44:04] [%emt 00:00:41]} 34. hxg5 {[%clk
00:49:42] [%emt 00:00:02]} 34... Kf7 {[%clk 00:44:16] [%emt 00:00:18]} 35. c3
{[%clk 00:48:47] [%emt 00:01:25]} 35... Bg1 {[%clk 00:38:41] [%emt 00:06:05]}
36. Bd2 {[%clk 00:41:55] [%emt 00:07:22]} 36... Bh2 {[%clk 00:19:36] [%emt
00:19:35]} 37. Nb3 {[%clk 00:26:28] [%emt 00:15:58]} 37... h4 {[%clk 00:19:33]
[%emt 00:00:32]} 38. Nd4 {[%clk 00:26:42] [%emt 00:00:16]} 38... Be4+ {[%clk
00:17:45] [%emt 00:02:17]} 39. Kc1 {[%clk 00:26:58] [%emt 00:00:14]} 39... f3
{[%clk 00:17:25] [%emt 00:00:50]} 40. Nxf3 {[%clk 00:40:19] [%emt 00:17:08]}
40... Bxf3 {[%clk 00:47:46] [%emt 00:00:09]} 41. Be3 {[%clk 00:39:45] [%emt
00:01:05]} 41... h3 {[%clk 00:47:13] [%emt 00:01:03]} 42. Kd2 {[%clk 00:38:42]
[%emt 00:01:32]} 42... Bc7 {[%clk 00:46:23] [%emt 00:01:20]} 43. Bg1 {[%clk
00:38:37] [%emt 00:00:36]} 43... h2 {[%clk 00:45:56] [%emt 00:00:57]} 44. Bxh2
{[%clk 00:39:03] [%emt 00:00:05]} 44... Bxh2 {[%clk 00:46:17] [%emt 00:00:08]}
45. Ke3 {[%clk 00:39:18] [%emt 00:00:15]} 45... Bb7 {[%clk 00:46:26] [%emt
00:00:21]} 0-1